000 00981nam a22001697a 4500
005 20260123085925.0
008 230714b ||||| |||| 00| 0 eng d
040 _cSSBUL
_dSSBUL
082 _223
_a၉၅၉.၁၀၃ သိန်း ၁၆၀၆၂ (S-SAT)
100 _aသိန်းကြီး၊
_cဆရာ၊
_gမော်ပီ။
_928024
245 1 0 _aပစပ်ရာဇဝင် ပ-ဒု နှစ်တွဲပေါင်း /
_cမော်ပီ ဆရာသိန်းကြီး၊ ဦးမြင့်လွင် တည်းဖြတ်သည်။
260 _aရန်ကုန်၊
_bအေးအေးစာပုံနှိပ်တိုက်၊
_c၁၉၆၇။
300 _a၄၉၆ စာမျက်နှာ၊
_c၁၇ စင်တီ။
500 _aS-SAT: Dr. Prof Sai Aung Tun
651 _aမြန်မာနိုင်ငံ
_vသမိုင်း
_xကုန်းဘောင်ခေတ်။
_928025
942 _2ddc
_cBK1
999 _c27230
_d27230